| 000 | 00553nam a22001817a 4500 | ||
|---|---|---|---|
| 003 | OSt | ||
| 005 | 20150311154729.0 | ||
| 008 | 150129b xxu||||| |||| 00| 0 eng d | ||
| 040 | _cBMC | ||
| 082 | _aSv861 | ||
| 100 | 1 |
_aRivas, Pedro Geoffroy _921833 _d1908-1979 |
|
| 245 | 1 | 4 |
_aLos nietos del jaguar _cPedro Geoffroy Rivas |
| 260 |
_aSan Salvador _bConsejo Nacional para la Cultura y el Arte _c1996 |
||
| 300 |
_a117 p. _c22 cm |
||
| 490 |
_aBiblioteca Básica de Literatura Salvadoreña _v8 |
||
| 650 | 2 | 4 |
_921923 _aPoesía salvadoreña |
| 942 |
_2ddc _cBK |
||
| 999 |
_c17852 _d17852 |
||